000 00349nam a2200157Ia 4500
003 OSt
005 20240305105415.0
008 170523s9999 xx 000 0 und d
020 _a8120414705.
040 _cIIMTU
100 _aBANERJEE- SHYAMAL
245 0 _aBUSINESS DICTIONARY
260 _bOXFORD PUBLICATION
260 _c2001
942 _2ddc
_c02
999 _c937
_d937